00502nam a22001577a 450000500170000001000150001702000270003203500140005903700130007308200110008624501170009726000310021427000570024530000250030270000170032720170829112144.0 aENG-120132 c1195.00a9789350023310 aEN-103664 bDBAD/PUB a306.42 aLokavidya perspectives :cedited by Amit Basole ba philosophy of political imagination for the knowledge age / aDelhi bAAKAR BOOKS c2015 a28 E Pocket IV, Mayur Vihar Phase I, bDelhie110091 axiii,471p.c21cm(Hb) aBasole, Amit